[Event "FIN-chT 1920"]
[Site "Finland"]
[Date "2019.10.20"]
[Round "4.5"]
[White "Tuononen, Janne"]
[Black "Halmeenmaki, Tuomo"]
[Result "1/2-1/2"]
[WhiteElo "2178"]
[BlackElo "2211"]
[PlyCount "107"]
[EventDate "2019.09.14"]
[EventType "team-tourn"]
[EventRounds "11"]
[EventCountry "FIN"]
[SourceTitle "EXT 2022"]
[Source "ChessBase"]
[SourceDate "2021.10.06"]
[SourceVersion "1"]
[SourceVersionDate "2021.10.06"]
[SourceQuality "1"]
[WhiteTeam "Jyvaskyla JyS"]
[BlackTeam "Helsinki Aatos"]
[WhiteTeamCountry "FIN"]
[BlackTeamCountry "FIN"]

1. b3 Nf6 2. Bb2 d6 3. e3 Nbd7 4. Nf3 g6 5. Be2 Bg7 6. 0-0 0-0 7. c4 e5 8. Nc3 Re8 9. d3 a5 10. Qc2 Nc5 11. Rad1 Bf5 12. Qc1 e4 13. dxe4 Nfxe4 14. Nd5 c6 15. Bxg7 Kxg7 16. Nc3 Qf6 17. Nd4 Rad8 18. Nxf5+ Qxf5 19. Nxe4 Nxe4 20. Bd3 Qe5 21. Bxe4 Qxe4 22. Rd4 Qe5 23. Rfd1 Qc5 24. Qd2 Re6 25. h3 h5 26. Rf4 Qe5 27. Qc1 Rde8 28. Qa3 Qc5 29. Qb2+ Qe5 30. Rfd4 Rf6 31. R4d2 Qxb2 32. Rxb2 Re5 33. Rbd2 Ree6 34. g4 hxg4 35. hxg4 Re4 36. Rxd6 Rxg4+ 37. Kf1 Rf5 38. R1d4 Rgg5 39. Rd7 b5 40. Ra7 bxc4 41. Rxc4 Rf6 42. Rc7 Rgf5 43. Rc2 g5 44. e4 Rf4 45. e5 Re6 46. Rc5 a4 47. R7xc6 Rxc6 48. Rxc6 axb3 49. axb3 Rb4 50. Rc3 Kg6 51. Ke2 Kf5 52. Re3 g4 53. Kd2 Rb5 54. Ke2 1/2-1/2

[Event "FIN-chT 1819"]
[Site "Finland"]
[Date "2018.09.15"]
[Round "1.6"]
[White "Pohjala, Henri"]
[Black "Tuononen, Janne"]
[Result "1-0"]
[WhiteElo "2357"]
[BlackElo "2187"]
[PlyCount "179"]
[EventDate "2018.09.15"]
[EventType "team-tourn"]
[EventRounds "11"]
[EventCountry "FIN"]
[SourceTitle "CBM 186 Extra"]
[Source "ChessBase"]
[SourceDate "2018.08.24"]
[SourceVersion "1"]
[SourceVersionDate "2018.08.24"]
[SourceQuality "1"]
[WhiteTeam "Tampere Tammer"]
[BlackTeam "Joensuu SK"]
[WhiteTeamCountry "FIN"]
[BlackTeamCountry "FIN"]

1. d4 d5 2. Bf4 Nf6 3. e3 c5 4. c3 Nc6 5. Nd2 cxd4 6. exd4 Bf5 7. Ngf3 e6 8. Qb3 Qc8 9. Be2 Be7 10. 0-0 0-0 11. Rac1 Ne4 12. Nxe4 Bxe4 13. Nd2 Bg6 14. Be3 Qd7 15. Rfd1 Na5 16. Qb5 Qxb5 17. Bxb5 a6 18. Be2 b5 19. Nf3 Rfc8 20. Ne5 Bd6 21. Nd7 Rc6 22. b4 Nc4 23. Bxc4 bxc4 24. Ne5 Bxe5 25. dxe5 f6 26. Bd4 Kf7 27. a4 Rb8 28. Rd2 Bd3 29. f3 Rc7 30. Rb2 Rcb7 31. Kf2 Kg6 32. Ke3 Kf7 33. h4 h5 34. Ra1 Bf5 35. Kf4 Bd3 36. b5 Ra8 37. Rb4 a5 38. Rb2 Rg8 39. Ke3 Ke7 40. Raa2 Rc8 41. f4 Bg6 42. b6 Be8 43. Kf3 Kf7 44. Re2 Bc6 45. f5 exf5 46. Kf4 Bd7 47. Re1 g5+ 48. hxg5 fxg5+ 49. Kxg5 Rg8+ 50. Kf4 Ke6 51. g3 Be8 52. Rb2 Bxa4 53. Ra2 Rbg7 54. Bf2 Rg4+ 55. Ke3 Bc6 56. Rxa5 Re4+ 57. Kd2 Rxe1 58. Kxe1 Kxe5 59. Ra7 d4 60. Bxd4+ Ke4 61. Ke2 Rxg3 62. Rc7 Kd5 63. b7 Rg2+ 64. Bf2 Bxb7 65. Rxb7 Rh2 66. Rc7 f4 67. Rc5+ Ke4 68. Rxc4+ Kf5 69. Rc8 Rh3 70. Rf8+ Ke4 71. Re8+ Kf5 72. c4 Rc3 73. c5 Rc2+ 74. Kf3 Rc3+ 75. Kg2 Rc2 76. Rc8 Ke4 77. Rh8 Kf5 78. Rxh5+ Kg4 79. Rh4+ Kg5 80. Rh8 Kg4 81. Rg8+ Kf5 82. Kf3 Rc3+ 83. Ke2 Ke4 84. Re8+ Kd5 85. Kd2 Ra3 86. Rd8+ Ke4 87. c6 Ra2+ 88. Kc3 Ra6 89. Rd4+ Kf3 90. c7 1-0

[Event "FIN-chT 1718"]
[Site "Finland"]
[Date "2017.10.22"]
[Round "4.6"]
[White "Tuononen, Janne"]
[Black "Upero, Jussi"]
[Result "0-1"]
[WhiteElo "2211"]
[BlackElo "2142"]
[PlyCount "94"]
[EventDate "2017.09.16"]
[EventType "team-tourn"]
[EventRounds "11"]
[EventCountry "FIN"]
[SourceTitle "EXT 2019"]
[Source "ChessBase"]
[SourceDate "2018.10.10"]
[SourceVersion "1"]
[SourceVersionDate "2018.10.10"]
[SourceQuality "1"]
[WhiteTeam "Jyvaskyla JyS"]
[BlackTeam "Kotka KymS"]
[WhiteTeamCountry "FIN"]
[BlackTeamCountry "FIN"]

1. c4 e6 2. Nc3 d5 3. d4 c6 4. e4 dxe4 5. Nxe4 Bb4+ 6. Nc3 c5 7. a3 Ba5 8. Be3 Nf6 9. Nf3 0-0 10. Qc2 cxd4 11. Nxd4 Ng4 12. 0-0-0 Nxe3 13. fxe3 Qg5 14. Bd3 Bxc3 15. Qxc3 Na6 16. Kb1 Nc5 17. Bc2 Bd7 18. Nf3 Qe7 19. Ne5 Be8 20. Rhf1 f6 21. Nf3 Rc8 22. Qd4 Ba4 23. Bxa4 Nxa4 24. Qd6 Qe8 25. Qb4 e5 26. Rd2 Qc6 27. Rfd1 Qe4+ 28. Rc2 b5 29. c5 Qxe3 30. Qxb5 e4 31. Qxa4 exf3 32. Qc4+ Kh8 33. gxf3 Qxf3 34. Rd3 Qh1+ 35. Ka2 f5 36. c6 Qe4 37. Rd4 Qe5 38. Rd5 Qe6 39. b4 f4 40. Rdd2 Rxc6 41. Qxe6 Rxe6 42. Rc7 f3 43. Rf7 Kg8 44. Rxf8+ Kxf8 45. Kb3 g5 46. Kc4 g4 47. Rd4 Rf6 0-1

[Event "FIN-chT 1718"]
[Site "Finland"]
[Date "2017.10.21"]
[Round "3.7"]
[White "Tuononen, Janne"]
[Black "Nyback, Jukka"]
[Result "1/2-1/2"]
[WhiteElo "2211"]
[BlackElo "2124"]
[PlyCount "85"]
[EventDate "2017.09.16"]
[EventType "team-tourn"]
[EventRounds "11"]
[EventCountry "FIN"]
[SourceTitle "EXT 2019"]
[Source "ChessBase"]
[SourceDate "2018.10.10"]
[SourceVersion "1"]
[SourceVersionDate "2018.10.10"]
[SourceQuality "1"]
[WhiteTeam "Jyvaskyla JyS"]
[BlackTeam "Helsinki SSK"]
[WhiteTeamCountry "FIN"]
[BlackTeamCountry "FIN"]

1. b3 d5 2. Bb2 c5 3. e3 Nc6 4. Bb5 Bd7 5. Nf3 a6 6. Bxc6 Bxc6 7. Ne5 Qc7 8. 0-0 e6 9. f4 0-0-0 10. Nxc6 Qxc6 11. d3 f6 12. Nd2 Nh6 13. Qe2 Nf5 14. e4 Ne7 15. Rae1 d4 16. c3 dxc3 17. Bxc3 Qb5 18. Nc4 Nc6 19. a4 Qxb3 20. Qd2 Nd4 21. Ba5 Re8 22. Rc1 Kb8 23. Nb6 e5 24. fxe5 fxe5 25. Rb1 Qe6 26. Nd5 Rc8 27. Qb2 b5 28. Bc3 b4 29. Bxb4 cxb4 30. Rxf8 b3 31. Rf2 Rhf8 32. Rxf8 Rxf8 33. Qd2 Ka7 34. Qb4 Rc8 35. h3 Rc6 36. Rf1 Qd7 37. a5 Qb7 38. Nb6 Rf6 39. Rb1 Rc6 40. Rf1 Rf6 41. Rxf6 gxf6 42. Qc5 Ne6 43. Qb4 1/2-1/2

[Event "FIN-chT 1718"]
[Site "Finland"]
[Date "2017.09.16"]
[Round "1.6"]
[White "Tuononen, Janne"]
[Black "Halmeenmaki, Tuomo"]
[Result "0-1"]
[WhiteElo "2211"]
[BlackElo "2169"]
[PlyCount "118"]
[EventDate "2017.09.16"]
[EventType "team-tourn"]
[EventRounds "11"]
[EventCountry "FIN"]
[SourceTitle "CBM 180 Extra"]
[Source "ChessBase"]
[SourceDate "2017.10.06"]
[SourceVersion "1"]
[SourceVersionDate "2017.10.06"]
[SourceQuality "1"]
[WhiteTeam "Jyvaskyla JyS"]
[BlackTeam "Helsinki Aatos"]
[WhiteTeamCountry "FIN"]
[BlackTeamCountry "FIN"]

1. c4 Nf6 2. Nc3 g6 3. e4 d6 4. d4 Bg7 5. Nf3 0-0 6. Be2 Na6 7. 0-0 e5 8. Be3 Ng4 9. Bg5 Qe8 10. d5 f5 11. Ne1 Bh6 12. Bxh6 Nxh6 13. f3 g5 14. Nd3 Qg6 15. Qd2 g4 16. fxg4 Nxg4 17. Bxg4 Qxg4 18. Rf3 f4 19. Raf1 Qg7 20. h3 Rf6 21. Kf2 Bd7 22. Ke1 Rg6 23. Rg1 Kh8 24. Kd1 Rg8 25. Ne1 Nc5 26. b4 Na4 27. Nxa4 Bxa4+ 28. Kc1 Be8 29. Rgf1 Rg3 30. Rxg3 Qxg3 31. Rf3 Qg5 32. Ra3 a6 33. Rc3 Bh5 34. Kb2 Qh4 35. c5 Qe7 36. cxd6 Qxd6 37. a3 Rg7 38. Rc2 Rg3 39. Rc3 Rg7 40. Rc2 Rg3 41. Rc3 Rxc3 42. Qxc3 Bg6 43. Nd3 Bxe4 44. Nxe5 Kg8 45. Ng4 Bxg2 46. Nf6+ Kf7 47. Nh5 Kg6 48. Qg7+ Kxh5 49. Qxh7+ Kg5 50. Qg7+ Qg6 51. Qe5+ Kh4 52. Qxf4+ Kxh3 53. Qxc7 Qf6+ 54. Kb1 Be4+ 55. Kc1 Qf1+ 56. Kd2 Qd3+ 57. Ke1 Qg3+ 58. Qxg3+ Kxg3 59. d6 Bc6 0-1

[Event "Hamina Bastioni op"]
[Site "Hamina"]
[Date "2016.09.24"]
[Round "3"]
[White "Nivala, Tuomas"]
[Black "Tuononen, Janne"]
[Result "1/2-1/2"]
[WhiteElo "2255"]
[BlackElo "2181"]
[PlyCount "56"]
[EventDate "2016.09.23"]
[EventType "swiss"]
[EventRounds "5"]
[EventCountry "FIN"]
[SourceTitle "CBM 174 Extra"]
[Source "ChessBase"]
[SourceDate "2016.10.10"]
[SourceVersion "1"]
[SourceVersionDate "2016.10.10"]
[SourceQuality "1"]

1. d4 d5 2. Bf4 Nf6 3. Nf3 c6 4. c3 Qb6 5. Qb3 Bf5 6. h3 Nbd7 7. Nbd2 e6 8. Nh4 Be7 9. Nxf5 exf5 10. e3 Ne4 11. Nxe4 Qxb3 12. axb3 fxe4 13. b4 0-0 14. h4 a6 15. Be2 f5 16. g4 fxg4 17. Bxg4 Nf6 18. Be2 Rad8 19. b3 Kh8 20. Rh2 Bd6 21. Bxd6 Rxd6 22. c4 Ne8 23. Ra5 Nc7 24. Rg2 g6 25. h5 Kg7 26. hxg6 hxg6 27. Rh2 Rdf6 28. Bg4 Rd8 1/2-1/2

[Event "FIN-chT 1516"]
[Site "Finland"]
[Date "2016.03.13"]
[Round "11.6"]
[White "Ilmoni, Tommy"]
[Black "Tuononen, Janne"]
[Result "1/2-1/2"]
[WhiteElo "2081"]
[BlackElo "2212"]
[PlyCount "40"]
[EventDate "2015.09.12"]
[EventType "team-tourn"]
[EventRounds "11"]
[EventCountry "FIN"]
[SourceTitle "EXT 2017"]
[Source "ChessBase"]
[SourceDate "2016.10.25"]
[SourceVersion "1"]
[SourceVersionDate "2016.10.25"]
[SourceQuality "1"]
[WhiteTeam "Helsinki Garde"]
[BlackTeam "Jyvaskyla JyS"]
[WhiteTeamCountry "FIN"]
[BlackTeamCountry "FIN"]

1. d4 f5 2. e4 fxe4 3. Nc3 Nf6 4. Bg5 c6 5. f3 Qa5 6. Qd2 e5 7. Bxf6 gxf6 8. fxe4 exd4 9. Qxd4 Qe5 10. Qxe5+ fxe5 11. Nf3 d6 12. Bc4 Be7 13. 0-0 Nd7 14. a4 Nc5 15. Rad1 a5 16. Nxe5 dxe5 17. Bf7+ Kf8 18. Bc4+ Ke8 19. Bf7+ Kf8 20. Bc4+ Ke8 1/2-1/2

[Event "FIN-chT 1516"]
[Site "Finland"]
[Date "2016.03.12"]
[Round "10.6"]
[White "Elomaa, Arto"]
[Black "Tuononen, Janne"]
[Result "1-0"]
[WhiteElo "2143"]
[BlackElo "2212"]
[PlyCount "119"]
[EventDate "2015.09.12"]
[EventType "team-tourn"]
[EventRounds "11"]
[EventCountry "FIN"]
[SourceTitle "EXT 2017"]
[Source "ChessBase"]
[SourceDate "2016.10.25"]
[SourceVersion "1"]
[SourceVersionDate "2016.10.25"]
[SourceQuality "1"]
[WhiteTeam "Helsinki HSK"]
[BlackTeam "Jyvaskyla JyS"]
[WhiteTeamCountry "FIN"]
[BlackTeamCountry "FIN"]

1. e4 c5 2. c3 g6 3. d4 cxd4 4. cxd4 d5 5. e5 Bg7 6. Nc3 Nc6 7. Nf3 Bg4 8. Be2 Nh6 9. h3 Bxf3 10. Bxf3 e6 11. Be3 Nf5 12. 0-0 0-0 13. Bg4 Nxe3 14. fxe3 Qg5 15. Qd3 Rad8 16. Rae1 Ne7 17. e4 dxe4 18. Qxe4 Qd2 19. Qxb7 Qxd4+ 20. Kh1 Nf5 21. Bxf5 gxf5 22. Qb5 Rb8 23. Qe2 Rfd8 24. Rf2 Qh4 25. Kh2 Bxe5+ 26. Qxe5 Qxf2 27. Re3 Kf8 28. Qc5+ Kg8 29. Rg3+ Qxg3+ 30. Kxg3 Rxb2 31. Qe7 Rd3+ 32. Kh2 Rdd2 33. Ne2 e5 34. Qe8+ Kg7 35. Qxe5+ Kf8 36. Nf4 Rxa2 37. Qh8+ Ke7 38. Qe5+ Kf8 39. Qxf5 a5 40. Qxh7 a4 41. Qh8+ Ke7 42. Qe5+ Kf8 43. h4 Rac2 44. h5 Rc6 45. Ng6+ fxg6 46. Qf4+ Kg7 47. Qxd2 Ra6 48. Qd3 Rf6 49. hxg6 Rxg6 50. Qd7+ Kh6 51. Qxa4 Kh5 52. Kh3 Kg5 53. g4 Rf6 54. Kg3 Kg6 55. Kh4 Kg7 56. g5 Rf7 57. Kh5 Kg8 58. g6 Re7 59. Kh6 Kh8 60. Qa8+ 1-0

[Event "FIN-chT 1516"]
[Site "Finland"]
[Date "2015.09.13"]
[Round "2.5"]
[White "Tuononen, Janne"]
[Black "Rantanen, Yrjo A"]
[Result "0-1"]
[WhiteElo "2212"]
[BlackElo "2295"]
[PlyCount "94"]
[EventDate "2015.09.12"]
[EventType "team-tourn"]
[EventRounds "11"]
[EventCountry "FIN"]
[SourceTitle "EXT 2016"]
[Source "ChessBase"]
[SourceDate "2015.10.08"]
[SourceVersion "1"]
[SourceVersionDate "2015.10.08"]
[SourceQuality "1"]
[WhiteTeam "Jyvaskyla JyS"]
[BlackTeam "Salo SalSK"]
[WhiteTeamCountry "FIN"]
[BlackTeamCountry "FIN"]

1. c4 c5 2. Nf3 e6 3. d4 d5 4. cxd5 exd5 5. Nc3 Nc6 6. g3 Nf6 7. Bg2 Be7 8. 0-0 0-0 9. Be3 c4 10. Ne5 Be6 11. Rc1 Rc8 12. Bg5 h6 13. Nxc6 bxc6 14. Bxf6 Bxf6 15. e3 c5 16. dxc5 Rxc5 17. Na4 Ra5 18. b3 d4 19. b4 Rxa4 20. Qxa4 d3 21. Rfd1 d2 22. Rc2 c3 23. b5 Qb6 24. Qb4 Rc8 25. Bf1 Bf5 26. e4 Bg4 27. Rdxd2 cxd2 28. Rxc8+ Bxc8 29. Qxd2 Qd4 30. Qf4 Be5 31. Qc1 Bb7 32. Bg2 Bxe4 33. Bxe4 Qxe4 34. a4 g6 35. Qd1 Bc7 36. Qb3 Bb6 37. Qa2 h5 38. h4 Qf3 39. Kf1 Qh1+ 40. Ke2 Bxf2 41. Qd2 Bb6 42. Qf4 Qg2+ 43. Kd3 Bf2 44. Qb8+ Kh7 45. a5 Qxg3+ 46. Qxg3 Bxg3 47. Ke4 Bc7 0-1

[Event "FIN-chT 1516"]
[Site "Finland"]
[Date "2015.09.12"]
[Round "1.5"]
[White "Sorsa, Nuutti"]
[Black "Tuononen, Janne"]
[Result "1/2-1/2"]
[WhiteElo "2237"]
[BlackElo "2212"]
[PlyCount "194"]
[EventDate "2015.09.12"]
[EventType "team-tourn"]
[EventRounds "11"]
[EventCountry "FIN"]
[SourceTitle "EXT 2016"]
[Source "ChessBase"]
[SourceDate "2015.10.08"]
[SourceVersion "1"]
[SourceVersionDate "2015.10.08"]
[SourceQuality "1"]
[WhiteTeam "Turku TuTS"]
[BlackTeam "Jyvaskyla JyS"]
[WhiteTeamCountry "FIN"]
[BlackTeamCountry "FIN"]

1. c4 Nf6 2. g3 c6 3. Bg2 d5 4. Nf3 dxc4 5. Qc2 b5 6. b3 cxb3 7. axb3 Bb7 8. Ba3 Nbd7 9. d4 Qa5+ 10. Nbd2 e6 11. Bb2 Qb6 12. 0-0 Be7 13. e4 0-0 14. e5 Nd5 15. Ne4 Nb4 16. Qd2 Rfd8 17. Ba3 a5 18. Qf4 Nd5 19. Qg4 b4 20. Bb2 Ba6 21. Rfd1 Nc3 22. Nxc3 bxc3 23. Bxc3 Be2 24. Rdb1 Bb4 25. Bxb4 Qxb4 26. Qe4 Bb5 27. Ng5 Nf8 28. Qf4 Ra7 29. Nf3 Bd3 30. Rb2 Bg6 31. Ra4 Qb6 32. Qe3 Rad7 33. h3 Rd5 34. Rc4 Rb5 35. Nd2 Rb4 36. Qc3 Rxd4 37. Rxc6 Qd8 38. Rc8 Qe7 39. Kh2 Rd3 40. Qc6 Rd8 41. Nc4 Rxc8 42. Qxc8 Rb5 43. Rd2 Rxb3 44. Nxa5 Rd3 45. Rb2 Qd8 46. Qxd8 Rxd8 47. Nc6 Re8 48. Rb7 h6 49. g4 Bd3 50. h4 g5 51. h5 Kg7 52. Kg3 Rc8 53. Bf3 Bc2 54. Ra7 Bd3 55. Rb7 Ba6 56. Rb6 Bc4 57. Rb7 Re8 58. Rc7 Bb5 59. Be4 Bxc6 60. Bxc6 Rd8 61. f3 Rb8 62. Re7 Rb4 63. Be8 Rf4 64. Kf2 Nh7 65. Bc6 Rc4 66. Be4 Nf8 67. Ke3 Ra4 68. Rb7 Rc4 69. Re7 Rc3+ 70. Kd4 Rc8 71. Ke3 Rc3+ 72. Bd3 Rc5 73. Ke4 Rd5 74. Bc4 Rd7 75. Rxd7 Nxd7 76. Bb5 Nb6 77. Bc6 f6 78. Kd4 Kf7 79. Kc5 Nc8 80. Bd7 Ne7 81. Kd6 fxe5 82. Kxe5 Kg7 83. Kxe6 Ng8 84. Be8 Nf6 85. Bf7 Nh7 86. Ke7 Nf6 87. Bc4 Nh7 88. Ke6 Nf6 89. Kf5 Nd7 90. Bb5 Nf6 91. Bc6 Ng8 92. Be8 Nf6 93. Bg6 Ng8 94. f4 Ne7+ 95. Ke5 Nxg6+ 96. hxg6 gxf4 97. Kxf4 Kxg6 1/2-1/2

[Event "Heart of Finland op 25th"]
[Site "Jyvaskyla"]
[Date "2015.07.17"]
[Round "7"]
[White "Tiitta, Sauli"]
[Black "Tuononen, Janne"]
[Result "0-1"]
[WhiteElo "2245"]
[BlackElo "2178"]
[PlyCount "74"]
[EventDate "2015.07.13"]
[EventType "swiss"]
[EventRounds "9"]
[EventCountry "FIN"]
[SourceTitle "CBM 167 Extra"]
[Source "ChessBase"]
[SourceDate "2015.09.14"]
[SourceVersion "1"]
[SourceVersionDate "2015.09.14"]
[SourceQuality "1"]

1. e4 c6 2. c4 d5 3. cxd5 cxd5 4. exd5 Nf6 5. Nc3 Nxd5 6. Nf3 Nxc3 7. bxc3 g6 8. Bb5+ Bd7 9. Qb3 Bg7 10. 0-0 0-0 11. Re1 Nc6 12. d4 Na5 13. Qa4 Bxb5 14. Qxb5 Re8 15. Bg5 b6 16. Rac1 a6 17. Qb4 Nc6 18. Qa3 Qc7 19. d5 Ne5 20. c4 Nxc4 21. Qb4 b5 22. Rxe7 Bf8 23. Rxc7 Bxb4 24. Kf1 Rac8 25. Rxc8 Rxc8 26. Ne5 f6 27. Nc6 fxg5 28. Nxb4 Nd2+ 29. Ke2 Rxc1 30. Kxd2 Ra1 31. Kd3 a5 32. Nc6 Kf7 33. Nxa5 Rxa2 34. Nb7 Rxf2 35. d6 Rf5 36. Kd4 Ke6 37. d7 Kxd7 0-1

[Event "Jyvaskyla Winter Weekend A"]
[Site "Jyvaskyla"]
[Date "2015.01.25"]
[Round "5"]
[White "Tuononen, Janne"]
[Black "Von Wright, Aarne"]
[Result "1-0"]
[WhiteElo "2239"]
[BlackElo "2165"]
[PlyCount "119"]
[EventDate "2015.01.23"]
[EventType "swiss"]
[EventRounds "5"]
[EventCountry "FIN"]
[SourceTitle "EXT 2022"]
[Source "ChessBase"]
[SourceDate "2021.10.06"]
[SourceVersion "1"]
[SourceVersionDate "2021.10.06"]
[SourceQuality "1"]

1. c4 f5 2. Nc3 Nf6 3. g3 e6 4. Bg2 d5 5. cxd5 exd5 6. Nf3 Bd6 7. d4 c6 8. 0-0 0-0 9. Bf4 Qe7 10. Qc2 Nbd7 11. Bxd6 Qxd6 12. Qxf5 Nb6 13. Qc2 Ng4 14. h3 Bf5 15. e4 dxe4 16. Nh4 Nh6 17. Nxe4 Qxd4 18. Rad1 Qc4 19. Qxc4+ Nxc4 20. Nxf5 Nxf5 21. Nc5 Nxb2 22. Rd7 b6 23. Rb1 bxc5 24. Rxb2 Rab8 25. Rxb8 Rxb8 26. Bxc6 a5 27. Bd5+ Kh8 28. Rc7 g6 29. Rxc5 a4 30. g4 Rb1+ 31. Kg2 Nh4+ 32. Kg3 g5 33. f4 h6 34. f5 Kg7 35. Rc6 Rf1 36. a3 Rf4 37. Rc4 Rf1 38. Rxa4 Kf6 39. Ba8 Ke5 40. Re4+ Kd6 41. Re6+ Kc5 42. Rxh6 Kd4 43. Rxh4 gxh4+ 44. Kxh4 Ke5 45. Kg5 Ra1 46. h4 Rxa3 47. Bg2 Ra2 48. Bf1 Ra8 49. Bc4 Ra7 50. Kg6 Ra4 51. Be2 Re4 52. f6 Ke6 53. Bd1 Rf4 54. g5 Rxh4 55. Kg7 Rb4 56. f7 Rf4 57. g6 Ke7 58. Kg8 Rf6 59. Bh5 Rf5 60. g7 1-0

[Event "Mikkeli We MikkSK MikkSK 70"]
[Site "Mikkeli"]
[Date "2014.??.??"]
[Round "5"]
[White "Tuononen, Janne"]
[Black "Hintikka, Eero"]
[Result "1-0"]
[WhiteElo "2068"]
[BlackElo "2087"]
[PlyCount "59"]
[EventDate "2014.??.??"]
[EventType "swiss"]
[EventRounds "5"]
[EventCountry "FIN"]
[SourceTitle "EXT 2022"]
[Source "ChessBase"]
[SourceDate "2021.10.06"]
[SourceVersion "1"]
[SourceVersionDate "2021.10.06"]
[SourceQuality "1"]

1. Nf3 d5 2. d4 Nf6 3. c4 e6 4. Bg5 Be7 5. cxd5 exd5 6. Nc3 0-0 7. e3 c6 8. Qc2 Nbd7 9. Bd3 Re8 10. 0-0 g6 11. Rab1 Ne4 12. Bf4 Nxc3 13. bxc3 Nf6 14. c4 dxc4 15. Qxc4 Nd5 16. Bg3 Bd6 17. Ne5 Qc7 18. Rfc1 Be6 19. Qc2 Kg7 20. e4 Nf6 21. Qb2 Rab8 22. d5 Bxd5 23. Ng4 Bxg3 24. Qxf6+ Kf8 25. exd5 Qf4 26. Qh8+ Ke7 27. Re1+ Kd7 28. Nf6+ Kc7 29. Nxe8+ Rxe8 30. hxg3 1-0

[Event "Oulu We OSS"]
[Site "Oulu"]
[Date "2013.12.01"]
[Round "4"]
[White "Ronka, Erik"]
[Black "Tuononen, Janne"]
[Result "0-1"]
[WhiteElo "2084"]
[BlackElo "2060"]
[PlyCount "87"]
[EventDate "2013.11.30"]
[EventType "swiss"]
[EventRounds "5"]
[EventCountry "FIN"]
[SourceTitle "EXT 2022"]
[Source "ChessBase"]
[SourceDate "2021.10.06"]
[SourceVersion "1"]
[SourceVersionDate "2021.10.06"]
[SourceQuality "1"]

1. e4 c6 2. d4 d5 3. Nc3 dxe4 4. Nxe4 Bf5 5. Ng3 Bg6 6. h4 h6 7. Nf3 Nd7 8. h5 Bh7 9. Bd3 Bxd3 10. Qxd3 e6 11. Bd2 Ngf6 12. 0-0-0 Be7 13. Ne4 0-0 14. g4 Nxg4 15. Rhg1 f5 16. Qc4 Rf7 17. Qxe6 Nf8 18. Qb3 fxe4 19. Rxg4 exf3 20. Rdg1 Qd5 21. c4 Qe6 22. d5 cxd5 23. cxd5 Rc8+ 24. Bc3 Rxc3+ 25. Qxc3 Qf6 26. Qxf6 Bxf6 27. Kc2 Nd7 28. Rc4 Nb6 29. Rf4 Nxd5 30. Rxf3 Rc7+ 31. Kb3 Kf7 32. Rd1 Rc5 33. Rfd3 Ne7 34. Kb4 b6 35. b3 Rxh5 36. Rd7 a5+ 37. Ka4 Rf5 38. R7d6 Rxf2 39. a3 Rf4+ 40. Kb5 Rf3 41. Rb1 Nc8 42. Rd7+ Ke6 43. Rc7 Ne7 44. b4 0-1

[Event "Oulu We OSS"]
[Site "Oulu"]
[Date "2013.11.30"]
[Round "3"]
[White "Tuononen, Janne"]
[Black "Luukkonen, Tommi"]
[Result "0-1"]
[WhiteElo "2060"]
[BlackElo "2303"]
[PlyCount "176"]
[EventDate "2013.11.30"]
[EventType "swiss"]
[EventRounds "5"]
[EventCountry "FIN"]
[SourceTitle "EXT 2022"]
[Source "ChessBase"]
[SourceDate "2021.10.06"]
[SourceVersion "1"]
[SourceVersionDate "2021.10.06"]
[SourceQuality "1"]

1. c4 Nf6 2. Nc3 c5 3. Nf3 e6 4. g3 b6 5. Bg2 Bb7 6. 0-0 a6 7. d4 cxd4 8. Qxd4 d6 9. Bg5 Nbd7 10. Rad1 Be7 11. e4 Qc7 12. b3 0-0 13. Bxf6 Nxf6 14. e5 dxe5 15. Qxe5 Qc8 16. Na4 Bd8 17. Qd4 b5 18. Nb6 Bxb6 19. Qxb6 bxc4 20. bxc4 Rb8 21. Qd4 Qc7 22. Ne5 Bxg2 23. Kxg2 Rb4 24. Rfe1 h5 25. Re2 Qb7+ 26. f3 Rc8 27. Qd6 Rb6 28. Qd4 Rb4 29. Qd6 Ng4 30. Nxf7 Rb2 31. Rxb2 Ne3+ 32. Kh3 Qxf7 33. Rd4 Qf5+ 34. g4 Qxf3+ 35. Qg3 Qf1+ 36. Rg2 Nxg2 37. Qxg2 Qf6 38. Re4 Rd8 39. Qe2 Qc3+ 40. Re3 hxg4+ 41. Kg3 Qa5 42. Rxe6 Qh5 43. Kg2 Rf8 44. Re4 Qh3+ 45. Kg1 g3 46. hxg3 Qxg3+ 47. Qg2 Qd6 48. Rg4 Qb6+ 49. Kh1 Qh6+ 50. Qh2 Qc1+ 51. Rg1 Qxc4 52. Qg3 Qd5+ 53. Qg2 Qh5+ 54. Qh2 Qxh2+ 55. Kxh2 Rf2+ 56. Kg3 Rxa2 57. Rb1 Kf7 58. Rb6 Ra4 59. Kf3 g6 60. Kg3 Kg7 61. Rc6 Kh6 62. Rc5 g5 63. Rc8 Kh5 64. Rh8+ Kg6 65. Rg8+ Kf5 66. Rf8+ Ke5 67. Re8+ Kd5 68. Rg8 g4 69. Rg5+ Ke6 70. Rg8 a5 71. Rg5 Kd6 72. Rg6+ Kc5 73. Rg5+ Kb4 74. Rxg4+ Kb3 75. Rg5 Ra2 76. Kf3 a4 77. Ke3 Rh2 78. Rb5+ Kc2 79. Rc5+ Kb1 80. Rb5+ Rb2 81. Ra5 Rb3+ 82. Kd4 a3 83. Kc4 Kb2 84. Rh5 a2 85. Rh2+ Ka3 86. Rh1 Rb1 87. Rh3+ Ka4 88. Rh8 Rc1+ 0-1

[Event "FIN-chT 1213"]
[Site "Finland"]
[Date "2013.03.09"]
[Round "13.4"]
[White "Niemela, Antti"]
[Black "Tuononen, Janne"]
[Result "0-1"]
[WhiteElo "2291"]
[BlackElo "2057"]
[PlyCount "72"]
[EventDate "2012.09.28"]
[EventType "team-tourn"]
[EventRounds "11"]
[EventCountry "FIN"]
[SourceTitle "EXT 2014"]
[Source "ChessBase"]
[SourceDate "2013.11.20"]
[SourceVersion "1"]
[SourceVersionDate "2013.11.20"]
[SourceQuality "1"]
[WhiteTeam "Helsinki HSK"]
[BlackTeam "Joensuu SK"]
[WhiteTeamCountry "FIN"]
[BlackTeamCountry "FIN"]

1. d4 d5 2. Nf3 Nf6 3. c4 c6 4. Nc3 e6 5. e3 Nbd7 6. Bd3 dxc4 7. Bxc4 b5 8. Bd3 a6 9. e4 c5 10. d5 exd5 11. exd5 Bd6 12. 0-0 0-0 13. Bg5 Qc7 14. a4 c4 15. Bf5 b4 16. Nb1 Bb7 17. Qd4 h6 18. Bxf6 Nxf6 19. Nbd2 Bxd5 20. Rac1 Bc5 21. Qh4 c3 22. bxc3 bxc3 23. Nb1 Bxf3 24. gxf3 Qe5 25. Be4 Rac8 26. Bb7 Rc7 27. Bxa6 Bd6 28. Bd3 Re8 29. Rc2 Qd5 30. Be2 Qf5 31. Bd1 Nd5 32. Qg4 Qe5 33. f4 Nxf4 34. Qg3 Re6 35. Kh1 Rg6 36. Qh4 Be7 0-1